Score 0/18 Timer 06:00
0 Plays Today
county (historic) settlement % Correct
LanarkshireGlasgow
92.6%
MidlothianEdinburgh
89.7%
AyrshireAyr
86.8%
RenfrewshirePaisley
81.9%
StirlingshireFalkirk
79.6%
DunbartonshireDumbarton
74.2%
FifeDunfermline
71.5%
LanarkshireHamilton
68.5%
West LothianLivingston
68.3%
county (historic) settlement % Correct
DunbartonshireHelensburgh
64.3%
RenfrewshireGreenock
61.6%
AyrshirePrestwick
58.8%
AyrshireArdrossan
58.2%
LanarkshireCoatbridge
57.4%
StirlingshireTyndrum
40.3%
LanarkshirePollokshaws
31.9%
LanarkshirePollokshields
31.1%
RenfrewshireHillington
28.8%
Remove Ads.
Support Sporcle.
Get the best of Sporcle when you Go Orange. This ad-free experience offers more features, more stats, and more fun while also helping to support Sporcle. Thank you for becoming a member.

You're not logged in!

Compare scores with friends on all Sporcle quizzes.
OR
Log In

Sporcle TV

Today on Sporcle TV


Watch our educational content, quiz creation guides, and fun videos on Sporcle TV.

Show Comments

Extras

Top Quizzes Today


Score Distribution

Paid Content

Your Account Isn't Verified!

In order to create a playlist on Sporcle, you need to verify the email address you used during registration. Go to your Sporcle Settings to finish the process.

Report this User

Report this user for behavior that violates our Community Guidelines.

Details: